000 nam a22 7a 4500
999 _c4812
_d4812
005 20200210124010.0
008 200210b2009 nju||||| |||| 00| 0 eng d
020 _a9780470450017
_cRM200.00
040 _aAKMAL
082 _a658.4092 KUS
090 _a658.4092
_b KUS
100 _aKush, Brian D.
_99173
245 1 0 _a Auditing leadership :
_b the professional and leadership skills you need
_c Brian D. Kush.
260 _aHoboken, N.J.
_b Wiley
_c c2009.
300 _a xiii, 238 p.
_billustrations
_c24cm
500 _aIncludes index.
600 0 _aLeadership.
_96518
600 0 _aAuditors.
_99174
942 _2ddc
_cBOOK